| 000 | 00506nam a2200157Ia 4500 | ||
|---|---|---|---|
| 008 | 220216s9999 xx 000 0 und d | ||
| 100 | _aDarussamin Asril | ||
| 245 | 0 | _aSeveral biotechnological techniques to improve genetic characteristics of rubber | |
| 260 | _bIn: Prosidings of the Lokakarya Nasional Pemuliaan Tanaman Karet, Medan 1992; p227-238 | ||
| 650 | _aAnther culture | ||
| 650 | _aGenetic variation | ||
| 650 | _aRubber | ||
| 700 | _aHaris Nurhaimi | ||
| 700 | _aSuharyanto | ||
| 942 | _cJS | ||
| 999 |
_c68620 _d68620 |
||